000 00557nam a2200181Ia 4500
001 12845
005 20260306163010.0
008 260306t2014||||xx |||||||||||||| ||spa||
041 _aESP
082 _aRD 346.03
_bA41 T. 2
100 _aAlfaro Pinillos, Roberto
_eAUT
245 0 _aDiccionario práctico de derecho civil y derecho procesal civil:
_bvocablos de uso obligatorio y diario del litigante, magistrado y estudiante
260 _c2014
300 _apáginas 971-1944 :
_c24 cm.
650 _aGEN
654 _aCDE
942 _cDIC
_dJUS
_fJUS
_2ddc
_n
999 _c12845
_d12845